| 000 | 00496nam a22001817a 4500 | ||
|---|---|---|---|
| 008 | 230601b |||||||| |||| 00| 0 eng d | ||
| 020 | _a0-7099-1043-6 | ||
| 040 |
_aNational Science Library _cNational Science Library |
||
| 080 |
_aR 002(091)(038) _bM6 |
||
| 100 |
_aFeather, John _91524 |
||
| 245 | _aA dictionary of book history | ||
| 260 |
_aLondon: _bCroom Helm, _c1986 |
||
| 300 | _a278p. | ||
| 650 | _aProlegomena | ||
| 653 | _aBook | ||
| 653 | _aDictionaries | ||
| 942 |
_2udc _cREF |
||
| 999 |
_c38071 _d38071 |
||